[Event "M.Chigorin Memorial 2014"]
[Site "St. Petersburg"]
[Date "2014.10.24"]
[Round "7.150"]
[White "Zhivotovskaya, Asya"]
[Black "Trapeznikova, Darya"]
[Result "0-1"]
[WhiteElo "1775"]
[BlackElo "2036"]
[PlyCount "96"]
[EventDate "2014.10.18"]

1. e4 e6 2. d4 d5 3. Nd2 c5 4. exd5 Qxd5 5. dxc5 Bxc5 6. Ngf3 Nf6 7. Bc4 Qd6 8.
O-O Qc7 9. Qe2 a6 10. Ne4 Nxe4 11. Qxe4 Bd6 12. Re1 Nc6 13. h3 Ne7 14. b3 Bd7
15. Nd4 Nc6 16. Nf5 Be5 17. Bf4 Bxf4 18. Nxg7+ Kf8 19. Nh5 Be5 20. Rad1 Rg8 21.
Qh4 Qd8 22. Qe4 Qe7 23. f4 Bh8 24. Qxh7 Nd4 25. Qh6+ Ke8 26. Qh7 Qf8 27. Bd5
Bc6 28. Bxc6+ bxc6 29. Rd3 Rg6 30. Ng3 Rh6 31. Qe4 f5 32. Qe3 Nxc2 33. Qb6 Nxe1
34. Qxc6+ Kf7 35. Rd7+ Kf6 36. Ne4+ Kg6 37. Qxe6+ Bf6 38. Ng3 Nf3+ 39. gxf3
Qc5+ 40. Kg2 Qc2+ 41. Ne2 Rh7 42. Rd6 Rf8 43. Rc6 Qxa2 44. Rc5 Re7 45. Qxf5+
Kg7 46. Qg4+ Kf7 47. Qh5+ Kg8 48. Qd5+ Kg7 0-1

[Event "M.Chigorin Memorial 2014"]
[Site "St. Petersburg"]
[Date "2014.10.24"]
[Round "7.151"]
[White "Sheynin, Izrail"]
[Black "Krasnikov, Mikhail"]
[Result "1-0"]
[WhiteElo "2030"]
[BlackElo "1828"]
[PlyCount "101"]
[EventDate "2014.10.18"]

1. e4 c5 2. Nf3 Nc6 3. d4 cxd4 4. Nxd4 g6 5. Nc3 Bg7 6. Be3 Nf6 7. Bc4 O-O 8.
Bb3 d6 9. f3 Bd7 10. Qd2 Rc8 11. h4 h5 12. O-O-O Ne5 13. Bg5 Rc5 14. g4 hxg4
15. f4 Nc4 16. Bxc4 Rxc4 17. e5 Nh5 18. Nde2 Bc6 19. Rhg1 Bf3 20. Qd3 Qc7 21.
e6 Rc8 22. exf7+ Kxf7 23. Rd2 a6 24. f5 b5 25. fxg6+ Ke8 26. a3 Qa5 27. Qf5 Qc7
28. Qf7+ Kd8 29. Rgd1 Rc6 30. Qe6 Bf6 31. Bxf6 Nxf6 32. g7 Qd7 33. g8=Q+ Nxg8
34. Qxg8+ Kc7 35. Qg5 Kb7 36. Re1 Rc5 37. Qe3 Rh5 38. Nd4 Re5 39. Qf2 Rxe1+ 40.
Qxe1 Rf8 41. Ne4 Bxe4 42. Qxe4+ d5 43. Qe6 Qxe6 44. Nxe6 Rf6 45. Ng5 Kc6 46.
Rg2 Rf4 47. Kd2 Kd6 48. h5 Rf1 49. h6 Ke5 50. h7 Rh1 51. h8=Q+ 1-0

[Event "M.Chigorin Memorial 2014"]
[Site "St. Petersburg"]
[Date "2014.10.24"]
[Round "7.152"]
[White "Fokin, Anatoly"]
[Black "Kamnev, Alexander"]
[Result "1-0"]
[WhiteElo "1765"]
[BlackElo "2013"]
[PlyCount "87"]
[EventDate "2014.10.18"]

1. d4 d5 2. c4 e6 3. Nc3 Be7 4. e4 dxe4 5. Nxe4 Nf6 6. Nc3 O-O 7. Nf3 b6 8. Be2
Bb7 9. O-O c5 10. Bf4 cxd4 11. Nxd4 Nc6 12. Nxc6 Bxc6 13. a3 Qxd1 14. Rfxd1
Rfd8 15. Rdc1 Nd7 16. b4 f5 17. f3 a5 18. Rab1 Bf6 19. Be3 axb4 20. axb4 Ra3
21. Bd2 Ne5 22. Be1 Nd3 23. Bxd3 Rxd3 24. Ne2 g5 25. b5 Bd7 26. Rd1 Kf7 27. Bb4
Rxd1+ 28. Rxd1 Ra1 29. Rxa1 Bxa1 30. Bc3 Bxc3 31. Nxc3 Ke7 32. Na4 Kd6 33. Nxb6
Be8 34. Na4 e5 35. Kf2 Bf7 36. c5+ Kc7 37. Ke3 Kb7 38. g4 Be6 39. gxf5 Bxf5 40.
Nc3 Bc2 41. Nd5 Ba4 42. c6+ Kb8 43. c7+ Kb7 44. c8=Q+ 1-0

[Event "M.Chigorin Memorial 2014"]
[Site "St. Petersburg"]
[Date "2014.10.24"]
[Round "7.153"]
[White "Gorin, Alexandr"]
[Black "Zilbershtein, Victor"]
[Result "1-0"]
[WhiteElo "2000"]
[BlackElo "1818"]
[PlyCount "161"]
[EventDate "2014.10.18"]

1. d4 Nf6 2. Nf3 d5 3. h3 e6 4. Bg5 Be7 5. e3 Ne4 6. Bxe7 Qxe7 7. c3 Nd7 8.
Nbd2 f5 9. Bb5 c6 10. Ba4 O-O 11. Qe2 b5 12. Bc2 a5 13. O-O c5 14. Nxe4 fxe4
15. Nd2 Ba6 16. Qh5 Rf5 17. Qd1 Rf6 18. dxc5 b4 19. c4 Bb7 20. cxd5 exd5 21. c6
Bxc6 22. Bb3 Kh8 23. Rc1 Rd8 24. Ba4 Ne5 25. Bxc6 Rxc6 26. Rxc6 Nxc6 27. Qa4
Ne5 28. Qxa5 Nd3 29. a3 bxa3 30. Qxa3 Qb7 31. Rb1 Qf7 32. Rf1 Qb7 33. Qc3 Qxb2
34. Qxb2 Nxb2 35. Nb3 Nd3 36. Nd4 h6 37. Ra1 Rf8 38. Ra2 Rf7 39. Rd2 Nb4 40.
Ne2 Nd3 41. Nc3 Rd7 42. f3 Rc7 43. Nxd5 Rc1+ 44. Kh2 exf3 45. gxf3 Ne5 46. Kg2
Kg8 47. Nf4 Rc3 48. Kf2 g5 49. Nd5 Rc1 50. Nf6+ Kf7 51. Ne4 Rh1 52. Kg2 Re1 53.
Kf2 Rh1 54. Rd5 Ng6 55. Rd7+ Ne7 56. Kg2 Re1 57. Rd3 Re2+ 58. Kf1 Rh2 59. Nf2
h5 60. Kg1 Rxf2 61. Kxf2 Kf6 62. Ra3 Kg7 63. Ra7 Kf6 64. Ra6+ Ke5 65. Rh6 h4
66. Ke2 Nf5 67. Rh8 Kf6 68. Rf8+ Kg6 69. e4 Nd4+ 70. Kd3 Ne6 71. Rf5 Ng7 72.
Ra5 Nh5 73. Ra6+ Kf7 74. e5 Nf4+ 75. Ke4 Nxh3 76. Kf5 Nf2 77. Ra7+ Ke8 78. Kxg5
h3 79. Rh7 Nd3 80. Kf6 Nf4 81. Kf5 1-0

[Event "M.Chigorin Memorial 2014"]
[Site "St. Petersburg"]
[Date "2014.10.24"]
[Round "7.154"]
[White "Kopasov, Evgeny"]
[Black "Gogin, Artem"]
[Result "0-1"]
[WhiteElo "1997"]
[BlackElo "1815"]
[PlyCount "68"]
[EventDate "2014.10.18"]

1. d4 d5 2. Nf3 Nf6 3. Bf4 e6 4. e3 Bd6 5. Ne5 Nbd7 6. Bd3 O-O 7. Nd2 Qe7 8. c3
c5 9. Qf3 h6 10. Qh3 cxd4 11. exd4 Rd8 12. O-O Nf8 13. Rae1 Bxe5 14. dxe5 N6d7
15. Re3 Ng6 16. Bg3 Ndf8 17. f4 b5 18. Nf3 b4 19. Nd4 bxc3 20. bxc3 Qa3 21. Bb1
Ba6 22. Rfe1 Rac8 23. f5 exf5 24. Qxf5 Rxc3 25. Rxc3 Qxc3 26. Bf2 Bc8 27. Qh5
Nf4 28. Qh4 N8e6 29. Nxe6 Nxe6 30. Bxa7 d4 31. Qe4 Ng5 32. Qh4 d3 33. Qg3 Qxe1+
34. Qxe1 d2 0-1

[Event "M.Chigorin Memorial 2014"]
[Site "St. Petersburg"]
[Date "2014.10.24"]
[Round "7.155"]
[White "Smiyan, Vladimir"]
[Black "Mihailov, Dimitri"]
[Result "1-0"]
[WhiteElo "1994"]
[BlackElo "1765"]
[PlyCount "93"]
[EventDate "2014.10.18"]

1. d4 Nf6 2. Nf3 b5 3. Bf4 Bb7 4. e3 a6 5. Nbd2 e6 6. c4 b4 7. Bd3 c5 8. O-O
Be7 9. e4 d6 10. Qe2 cxd4 11. e5 dxe5 12. Nxe5 Nbd7 13. Rad1 Nc5 14. Bb1 d3 15.
Nxd3 Nxd3 16. Bxd3 Qd4 17. Be5 Qc5 18. Nb3 Qc6 19. f3 Rd8 20. Kh1 Qb6 21. Rc1
Qa7 22. c5 Bd5 23. c6 O-O 24. c7 Ra8 25. Bxa6 Bb7 26. Bxb7 Qxb7 27. Qc4 Nd5 28.
Rfe1 Rfc8 29. Nd4 Bf8 30. h3 Ra5 31. Nb3 Rxa2 32. Nc5 Qa8 33. Nd7 Be7 34. Qb5
Ra6 35. Red1 Bd6 36. Rxd5 exd5 37. Bxd6 Rxd6 38. Nb6 Rxb6 39. Qxb6 h6 40. Qxb4
Qa7 41. Qd6 Qe3 42. Rc3 Qd2 43. Qd8+ Kh7 44. Qxc8 Qe1+ 45. Kh2 Qe5+ 46. f4
Qxf4+ 47. Rg3 1-0

[Event "M.Chigorin Memorial 2014"]
[Site "St. Petersburg"]
[Date "2014.10.24"]
[Round "7.156"]
[White "Vorobyova, Valeriya"]
[Black "Gutkind, Kedem"]
[Result "0-1"]
[WhiteElo "1742"]
[BlackElo "1993"]
[PlyCount "52"]
[EventDate "2014.10.18"]

1. e4 e6 2. d4 d5 3. Nc3 Nf6 4. Bg5 Be7 5. e5 Nfd7 6. h4 a6 7. Qg4 Bxg5 8. hxg5
c5 9. g6 f5 10. Qf4 h6 11. Nf3 Nc6 12. dxc5 O-O 13. O-O-O Nxc5 14. Be2 Ne4 15.
Rdf1 Qe7 16. Rh2 Bd7 17. g4 fxg4 18. Qxg4 Nxc3 19. bxc3 Qa3+ 20. Kd2 Rac8 21.
c4 dxc4 22. Bxc4 Rxf3 23. Bxe6+ Kf8 24. Rh3 Nxe5 25. Rxf3+ Nxf3+ 26. Kd1 Bxe6
0-1

[Event "M.Chigorin Memorial 2014"]
[Site "St. Petersburg"]
[Date "2014.10.24"]
[Round "7.157"]
[White "Soldatov, Arnold"]
[Black "Isaev, Vasily"]
[Result "1-0"]
[WhiteElo "1984"]
[BlackElo "1749"]
[PlyCount "63"]
[EventDate "2014.10.18"]

1. d4 d5 2. Nf3 e6 3. c4 c5 4. cxd5 exd5 5. Nc3 Nc6 6. dxc5 d4 7. Na4 Bxc5 8.
Nxc5 Qa5+ 9. Bd2 Qxc5 10. e3 Qe7 11. Bb5 dxe3 12. Bxc6+ bxc6 13. Bxe3 Ba6 14.
Qc2 Qc7 15. O-O-O Ne7 16. Bc5 O-O 17. Bd6 Qb7 18. Rhe1 Rfe8 19. Qe4 Reb8 20.
Bxb8 Rxb8 21. b3 Ng6 22. Ne5 c5 23. Qxb7 Bxb7 24. Nxg6 hxg6 25. g3 Bc6 26. Rd6
Bb5 27. Re7 a6 28. Rc7 Re8 29. Rxc5 Re1+ 30. Rd1 Re2 31. Rc2 Re7 32. a4 1-0

[Event "M.Chigorin Memorial 2014"]
[Site "St. Petersburg"]
[Date "2014.10.24"]
[Round "7.158"]
[White "Isaev, Chingys"]
[Black "Gantsevich, Dmitry"]
[Result "1-0"]
[WhiteElo "1977"]
[BlackElo "1698"]
[PlyCount "73"]
[EventDate "2014.10.18"]

1. d4 d5 2. c4 c6 3. Nf3 Nf6 4. e3 a6 5. Nc3 b5 6. b3 Bg4 7. Be2 e6 8. O-O Nbd7
9. Bb2 Bd6 10. Rc1 O-O 11. h3 Bh5 12. Ne5 Bxe2 13. Nxe2 Rc8 14. Qe1 c5 15. Nxd7
Qxd7 16. dxc5 Rxc5 17. Ba3 Rc7 18. c5 Be7 19. b4 Rfc8 20. Bb2 Qd8 21. Nc3 Qd7
22. Qe2 Rb7 23. Rfd1 a5 24. a3 axb4 25. axb4 Qc6 26. Ra1 Bxc5 27. bxc5 Qxc5 28.
Rdc1 Qc4 29. Nxd5 Qxc1+ 30. Bxc1 Nxd5 31. Bb2 Nf6 32. Rb1 b4 33. Bxf6 gxf6 34.
Qg4+ Kh8 35. Qf3 Rbc7 36. Qxf6+ Kg8 37. Rxb4 1-0

[Event "M.Chigorin Memorial 2014"]
[Site "St. Petersburg"]
[Date "2014.10.24"]
[Round "7.159"]
[White "Khalikov, Bulat"]
[Black "Bezhenar, Georgy"]
[Result "1-0"]
[WhiteElo "1637"]
[BlackElo "1969"]
[PlyCount "105"]
[EventDate "2014.10.18"]

1. e4 e6 2. d4 d5 3. e5 c5 4. c3 Qb6 5. Nf3 Nc6 6. a3 Bd7 7. b4 cxd4 8. cxd4
Rc8 9. Bb2 Na5 10. Nc3 Nc4 11. Bxc4 Rxc4 12. O-O Nh6 13. Na4 Qc7 14. Nc5 Bxc5
15. dxc5 O-O 16. Qb3 Rg4 17. h3 Rg6 18. Nh4 Rg5 19. f4 Rh5 20. Nf3 Bb5 21. Rf2
Bc4 22. Qd1 Qe7 23. Ng5 Rxg5 24. fxg5 Qxg5 25. Qd4 Nf5 26. Qf4 Qxf4 27. Rxf4
Ng3 28. Kf2 Ne4+ 29. Ke3 g5 30. Rf3 h5 31. Bd4 a6 32. Rc1 Bb5 33. Bc3 h4 34.
Be1 Bc6 35. Kd4 Re8 36. g3 g4 37. hxg4 h3 38. Bc3 Kg7 39. Rh1 Rh8 40. Rh2 Kg6
41. Be1 f6 42. Rf4 fxe5+ 43. Kxe5 Ng5 44. Rf6+ Kg7 45. Bc3 Nf7+ 46. Kxe6 Re8+
47. Kf5 d4 48. Bxd4 Be4+ 49. Kf4 Bg2 50. Re6+ Kf8 51. Bg7+ Kxg7 52. Rxe8 Kf6
53. Re2 1-0

[Event "M.Chigorin Memorial 2014"]
[Site "St. Petersburg"]
[Date "2014.10.24"]
[Round "7.162"]
[White "Rozhnov, Valeriy"]
[Black "Aksenova, Maria"]
[Result "0-1"]
[WhiteElo "2069"]
[BlackElo "1777"]
[PlyCount "120"]
[EventDate "2014.10.18"]

1. Nf3 Nf6 2. d4 e6 3. Bg5 b6 4. Nbd2 Bb7 5. e3 Be7 6. Bd3 O-O 7. O-O d6 8. c3
c5 9. dxc5 bxc5 10. Qc2 Nbd7 11. e4 h6 12. Bh4 Nh5 13. Bxe7 Qxe7 14. Rad1 Nhf6
15. Rfe1 Rfd8 16. Nc4 Nb6 17. e5 dxe5 18. Ncxe5 Nbd5 19. Bb5 Qc7 20. Rd2 Qb6
21. Bf1 Ba6 22. Bxa6 Qxa6 23. Red1 Qb6 24. Nc4 Qc7 25. Nfe5 Nb6 26. Rxd8+ Rxd8
27. Rxd8+ Qxd8 28. Nxb6 axb6 29. Qd3 Qc7 30. Nc4 Nd5 31. g3 Qc6 32. Qf3 Qc7 33.
h4 b5 34. Ne3 Nb6 35. Qe4 Na4 36. Nd1 Qd7 37. Qc2 Qd5 38. b3 Nb6 39. Ne3 Qd7
40. Qd1 Qc6 41. Qd8+ Kh7 42. Qe7 Kg8 43. Ng4 Nd5 44. Qxf7+ Kxf7 45. Ne5+ Kf6
46. Nxc6 Nxc3 47. a3 e5 48. Nd8 Ne2+ 49. Kf1 Nd4 50. a4 Nxb3 51. axb5 Ke7 52.
Nc6+ Kd6 53. f4 exf4 54. gxf4 c4 55. Ne5 c3 56. Nc4+ Kc5 57. Na3 Nd4 58. b6
Kxb6 59. Ke1 Kc5 60. Kd1 Kb4 0-1

[Event "M.Chigorin Memorial 2014"]
[Site "St. Petersburg"]
[Date "2014.10.24"]
[Round "7.163"]
[White "Bezstrakhov, Dmitry"]
[Black "Shakhmatov, Roman"]
[Result "1-0"]
[WhiteElo "1987"]
[BlackElo "1775"]
[PlyCount "87"]
[EventDate "2014.10.18"]

1. d4 e6 2. g3 f5 3. Bg2 Nf6 4. Nf3 d5 5. Bg5 Be7 6. Qd3 b6 7. Nbd2 O-O 8. Ne5
Ng4 9. Bxe7 Nxe5 10. Qa3 Qe8 11. dxe5 Rf7 12. Bg5 Nc6 13. Nf3 Na5 14. b3 c5 15.
O-O h6 16. Bf4 g5 17. Bd2 Nc6 18. Qb2 Kh7 19. Rad1 Bb7 20. e3 g4 21. Nh4 b5 22.
c4 bxc4 23. bxc4 Ba6 24. cxd5 Bxf1 25. Kxf1 Rb8 26. Qc3 exd5 27. Bxd5 Rf8 28.
Qxc5 Ne7 29. Bb3 Rd8 30. Qxa7 Rd7 31. Qa6 Qd8 32. Qe2 Qa8 33. Kg1 Rfd8 34. Bb4
Rxd1+ 35. Bxd1 Nd5 36. Bd6 Nc3 37. Qd3 Ne4 38. Nxf5 Ng5 39. Bxg4 Qxa2 40. h4
Qa1+ 41. Kh2 Nf7 42. Ne7+ Kh8 43. Qg6 Qa2 44. Qf6+ 1-0

[Event "M.Chigorin Memorial 2014"]
[Site "St. Petersburg"]
[Date "2014.10.24"]
[Round "7.164"]
[White "Stasenko, Alexey"]
[Black "Gantsevich, Aleksey A"]
[Result "1-0"]
[WhiteElo "1874"]
[BlackElo "1766"]
[PlyCount "85"]
[EventDate "2014.10.18"]

1. e4 c5 2. Nf3 d6 3. d4 cxd4 4. Qxd4 Nc6 5. Bb5 Bd7 6. Bxc6 Bxc6 7. Nc3 Nf6 8.
Bg5 e6 9. O-O-O Be7 10. Rhe1 O-O 11. Kb1 Qa5 12. h3 a6 13. Qe3 Rfd8 14. Nd4
Rac8 15. f4 b5 16. g4 Qc7 17. Rd2 b4 18. Nxc6 bxc3 19. Nxe7+ Qxe7 20. Rd3 cxb2
21. e5 Qc7 22. Qe2 dxe5 23. Rxd8+ Rxd8 24. fxe5 h6 25. exf6 hxg5 26. fxg7 Qc3
27. Rd1 Rxd1+ 28. Qxd1 Qxh3 29. Qd8+ Kxg7 30. Qxg5+ Kh7 31. Qh5+ Qxh5 32. gxh5
f5 33. Kxb2 f4 34. Kc1 Kh6 35. c4 Kxh5 36. c5 Kg4 37. Kd2 Kg3 38. c6 Kg2 39. c7
f3 40. c8=Q f2 41. Qg8+ Kf3 42. Qf7+ Kg2 43. Ke2 1-0

[Event "M.Chigorin Memorial 2014"]
[Site "St. Petersburg"]
[Date "2014.10.24"]
[Round "7.165"]
[White "Klevets, Ksenia"]
[Black "Pankova, Julia"]
[Result "1-0"]
[WhiteElo "1850"]
[BlackElo "1655"]
[PlyCount "75"]
[EventDate "2014.10.18"]

1. e4 c5 2. Nf3 e6 3. c4 Nc6 4. Nc3 Nf6 5. Be2 d5 6. exd5 exd5 7. d4 dxc4 8.
dxc5 Qxd1+ 9. Nxd1 Bxc5 10. Bxc4 O-O 11. O-O Bg4 12. Be2 Rfe8 13. Be3 Bxe3 14.
Nxe3 Ne5 15. Nxg4 Nexg4 16. Bb5 Re7 17. Rae1 Rxe1 18. Rxe1 a6 19. Ba4 b5 20.
Bb3 Re8 21. Rxe8+ Nxe8 22. h3 Ngf6 23. Ne5 Nd6 24. Kf1 Nfe4 25. Ke2 Nc5 26. Bd5
Na4 27. Nd3 Nb6 28. Bb3 Nf5 29. Nc5 Nd4+ 30. Kd3 Nxb3 31. axb3 a5 32. Nb7 a4
33. bxa4 Nxa4 34. b3 Nb2+ 35. Kc2 Na4 36. bxa4 bxa4 37. Nc5 Kf8 38. Nxa4 1-0

[Event "M.Chigorin Memorial 2014"]
[Site "St. Petersburg"]
[Date "2014.10.24"]
[Round "7.166"]
[White "Hyoetylae, Tapio"]
[Black "Bodnaruk, Svyatoslav"]
[Result "0-1"]
[WhiteElo "1840"]
[BlackElo "1633"]
[PlyCount "80"]
[EventDate "2014.10.18"]

1. d4 d5 2. c4 c6 3. Nf3 Nf6 4. e3 e6 5. Nc3 Nbd7 6. Bd3 b6 7. O-O Be7 8. e4
Bb7 9. e5 Ng8 10. cxd5 cxd5 11. Bf4 Bb4 12. Rc1 Ne7 13. Qa4 Bxc3 14. Rxc3 O-O
15. Bb5 Nb8 16. Bg5 a6 17. Qb4 f6 18. exf6 gxf6 19. Bd3 fxg5 20. Nxg5 Nec6 21.
Bxh7+ Kh8 22. Qa3 Nxd4 23. Rh3 Ne2+ 24. Kh1 Nf4 25. Rg3 Qe8 26. Qd6 Nd7 27. Re1
Rc8 28. Rg4 Rc6 29. Qb4 Rc4 30. Qd6 Rc6 31. Qa3 Qh5 32. h3 d4 33. Qe7 Nxh3 34.
gxh3 Rc1+ 35. Kh2 Rxe1 36. f3 Re2+ 37. Kg3 Re3 38. Be4 Bxe4 39. Nf7+ Qxf7 40.
Qxf7 Rxf7 0-1

[Event "M.Chigorin Memorial 2014"]
[Site "St. Petersburg"]
[Date "2014.10.24"]
[Round "7.167"]
[White "Shilnikov, Igor S"]
[Black "Panov, Konstantin"]
[Result "1/2-1/2"]
[WhiteElo "1839"]
[BlackElo "1588"]
[PlyCount "91"]
[EventDate "2014.10.18"]

1. d4 g6 2. Nf3 Bg7 3. c4 Nf6 4. Nc3 c6 5. Bg5 d5 6. e3 O-O 7. h3 Nbd7 8. cxd5
cxd5 9. Be2 a6 10. Qb3 Qb6 11. Qa3 e6 12. O-O Qa7 13. Rfc1 b5 14. Bf4 Nb6 15.
b3 Re8 16. Bd6 Bb7 17. Ne5 Nfd7 18. Qa5 Nxe5 19. dxe5 Nc8 20. a4 Nxd6 21. exd6
bxa4 22. Rxa4 Red8 23. Nb5 Qb8 24. Nc7 Ra7 25. Qb6 Be5 26. Nxa6 Bxa6 27. Qxb8
Rxb8 28. Rxa6 Rxa6 29. Bxa6 Bxd6 30. Rc8+ Rxc8 31. Bxc8 Kf8 32. Bd7 Ke7 33. Ba4
Bb4 34. Kf1 g5 35. g4 f5 36. f3 Kd6 37. Ke2 f4 38. Bb5 h6 39. Bd3 e5 40. e4 d4
41. Bc4 Kc5 42. Kd3 Bc3 43. Bf7 Kb4 44. Kc2 Be1 45. Bd5 Ka3 46. Bf7 1/2-1/2

[Event "M.Chigorin Memorial 2014"]
[Site "St. Petersburg"]
[Date "2014.10.24"]
[Round "7.168"]
[White "Borunova, Tatiana"]
[Black "Shapar, Tatiana"]
[Result "1/2-1/2"]
[WhiteElo "1629"]
[BlackElo "1836"]
[PlyCount "30"]
[EventDate "2014.10.18"]

1. d4 d5 2. c4 c6 3. Nf3 Nf6 4. Nc3 dxc4 5. a4 Bf5 6. e3 e6 7. Bxc4 Bb4 8. O-O
Nbd7 9. Qb3 a5 10. Na2 Be7 11. Qxb7 Rb8 12. Qa7 Ra8 13. Qb7 Rb8 14. Qa7 Ra8 15.
Qb7 Rb8 1/2-1/2

[Event "M.Chigorin Memorial 2014"]
[Site "St. Petersburg"]
[Date "2014.10.24"]
[Round "7.169"]
[White "Akopian, Agasi"]
[Black "Levin, Evgeny"]
[Result "1-0"]
[WhiteElo "1543"]
[BlackElo "1835"]
[PlyCount "109"]
[EventDate "2014.10.18"]

1. e4 c6 2. d4 d5 3. exd5 cxd5 4. Nc3 a6 5. Nf3 Bg4 6. Be2 Nc6 7. O-O e6 8. Bf4
Nf6 9. Ne5 Bxe2 10. Nxe2 Nxe5 11. dxe5 Nd7 12. Nd4 g6 13. c3 h5 14. Qd2 Be7 15.
h3 g5 16. Bh2 g4 17. Qe3 Bg5 18. f4 Bh6 19. Rad1 Qb6 20. b4 Rc8 21. Rd3 Qd8 22.
Qg3 Rg8 23. hxg4 Rxg4 24. Qf3 Qe7 25. f5 Bg5 26. Bg3 Nf8 27. a4 Rc4 28. a5 Rc7
29. Rfd1 Nh7 30. Rf1 Kd8 31. Rf2 Bh6 32. Qd1 Ng5 33. f6 Qf8 34. Rf4 Rxf4 35.
Bxf4 Ne4 36. Bxh6 Qxh6 37. Ne2 Qg5 38. Rxd5+ exd5 39. Qxd5+ Rd7 40. Qxe4 Qg4
41. Qe3 Rd1+ 42. Kf2 Qf5+ 43. Nf4 Kd7 44. Ke2 Qc2+ 45. Kf3 Rf1+ 46. Kg3 h4+ 47.
Kg4 Rxf4+ 48. Qxf4 Qxc3 49. Kxh4 Ke6 50. g4 Qc2 51. Qd4 Qc6 52. Qd6+ Qxd6 53.
exd6 Kxd6 54. g5 Ke6 55. Kh5 1-0

[Event "M.Chigorin Memorial 2014"]
[Site "St. Petersburg"]
[Date "2014.10.24"]
[Round "7.170"]
[White "Biyachuev, Minkail"]
[Black "Zakharov, Yuri"]
[Result "0-1"]
[WhiteElo "1527"]
[BlackElo "1830"]
[PlyCount "84"]
[EventDate "2014.10.18"]

1. d4 Nf6 2. Bf4 d5 3. Nf3 c6 4. Nbd2 e6 5. e3 Be7 6. c3 O-O 7. Bd3 Nbd7 8. Ne5
Re8 9. Ndf3 Ne4 10. h4 f6 11. Nxd7 Bxd7 12. Qe2 f5 13. c4 Qa5+ 14. Nd2 Nxd2 15.
O-O-O Nxc4 16. Bxc4 dxc4 17. Qxc4 Qd5 18. Qxd5 cxd5 19. a3 Ba4 20. Rd2 Rec8+
21. Kb1 Bb3 22. h5 Rc6 23. Rc1 Rxc1+ 24. Kxc1 Rc8+ 25. Kb1 Bd8 26. f3 Ba5 27.
Re2 Bd1 28. Rf2 Rc6 29. e4 fxe4 30. fxe4 Bxh5 31. exd5 exd5 32. b4 Bd8 33. Be5
Bg6+ 34. Kb2 Bf6 35. Re2 Be4 36. g3 Bxe5 37. dxe5 Re6 38. Re3 Rxe5 39. Rc3 Kf7
40. Rc7+ Re7 41. Rxe7+ Kxe7 42. Kc3 Ke6 0-1

[Event "M.Chigorin Memorial 2014"]
[Site "St. Petersburg"]
[Date "2014.10.24"]
[Round "7.171"]
[White "Ladzin, Ivan"]
[Black "Akhmetshin, Aydar"]
[Result "1-0"]
[WhiteElo "1961"]
[BlackElo "1609"]
[PlyCount "69"]
[EventDate "2014.10.18"]

1. d4 Nf6 2. c4 c5 3. d5 b5 4. cxb5 a6 5. bxa6 g6 6. Nc3 Bxa6 7. Nf3 d6 8. Nd2
Bg7 9. e4 Bxf1 10. Nxf1 Qa5 11. Nd2 O-O 12. O-O Nbd7 13. Nc4 Qa6 14. Qe2 Rfb8
15. f3 Ne8 16. Rf2 Nc7 17. f4 Rb4 18. Na3 Bd4 19. Kf1 Bxf2 20. Kxf2 Qxe2+ 21.
Kxe2 e6 22. Nc2 Rb7 23. dxe6 fxe6 24. b3 d5 25. exd5 exd5 26. Bb2 Rf8 27. Rf1
Ne6 28. Nxd5 Nb6 29. Nf6+ Kf7 30. Nxh7 Rd8 31. Ng5+ Ke7 32. Ne4 Ke8 33. f5 gxf5
34. Rxf5 Nd7 35. Nd6+ 1-0

[Event "M.Chigorin Memorial 2014"]
[Site "St. Petersburg"]
[Date "2014.10.24"]
[Round "7.172"]
[White "Sakorenko, Adriana"]
[Black "Sapegin, Yaroslav"]
[Result "1/2-1/2"]
[WhiteElo "1893"]
[BlackElo "1587"]
[PlyCount "141"]
[EventDate "2014.10.18"]

1. e4 c5 2. Nf3 e6 3. d4 cxd4 4. Nxd4 a6 5. Bd3 Bc5 6. Be3 Qb6 7. Nb3 Bxe3 8.
fxe3 Qxe3+ 9. Qe2 Qxe2+ 10. Kxe2 Nc6 11. N1d2 Nf6 12. Nc4 b5 13. Nd6+ Ke7 14.
Nxc8+ Raxc8 15. a4 Nb4 16. Nd4 Nxd3 17. Kxd3 b4 18. h3 Rc5 19. Rhf1 Rhc8 20.
Rf2 Re5 21. Re2 Nh5 22. Rf2 Nf6 23. Re2 d6 24. Rf1 Ra5 25. Ra1 Nd7 26. Kd2 Ne5
27. b3 Rac5 28. Rf1 Rc3 29. Re3 Rxe3 30. Kxe3 Rc3+ 31. Kd2 Rg3 32. Rf2 f6 33.
Ne2 Rg5 34. Nf4 Ng6 35. Nd3 a5 36. Nb2 Ne5 37. Nd3 Nxd3 38. Kxd3 Rc5 39. Rf3
Rc3+ 40. Kd2 Rxf3 41. gxf3 Kd7 42. c3 bxc3+ 43. Kxc3 Kc6 44. b4 axb4+ 45. Kxb4
Kb6 46. h4 g5 47. h5 f5 48. exf5 exf5 49. Kc4 g4 50. fxg4 fxg4 51. Kd4 g3 52.
Ke3 g2 53. Kf2 g1=Q+ 54. Kxg1 Ka5 55. Kf2 Kxa4 56. Ke3 Kb5 57. Kd4 Kc6 58. Kc4
h6 59. Kd4 d5 60. Kd3 Kd6 61. Ke3 Ke5 62. Kd3 d4 63. Kd2 Ke4 64. Ke2 Kf4 65.
Kd3 Ke5 66. Kd2 Ke4 67. Ke2 d3+ 68. Kd2 Kd4 69. Kd1 Ke3 70. Ke1 d2+ 71. Kd1
1/2-1/2

[Event "M.Chigorin Memorial 2014"]
[Site "St. Petersburg"]
[Date "2014.10.24"]
[Round "7.174"]
[White "Shapianov, Adam"]
[Black "Chursina, Ada"]
[Result "0-1"]
[WhiteElo "1807"]
[BlackElo "1583"]
[PlyCount "128"]
[EventDate "2014.10.18"]

1. e4 e6 2. d4 d5 3. Nd2 c5 4. c3 cxd4 5. cxd4 dxe4 6. Nxe4 Bb4+ 7. Bd2 Qxd4 8.
Nc3 Nf6 9. Nf3 Qd6 10. Bb5+ Bd7 11. Bxd7+ Nbxd7 12. O-O O-O 13. Qb3 Bxc3 14.
Bxc3 Qd5 15. Qa4 b5 16. Qh4 Qh5 17. Qg3 Qg4 18. Qd6 Rfd8 19. Ba5 Nb6 20. Qc5
Rd5 21. Qe7 Rd7 22. Qc5 Rd5 23. Qe7 Nbd7 24. Rac1 Re8 25. Qa3 Qa4 26. Qxa4 bxa4
27. Bb4 h6 28. Rc7 a5 29. Ba3 Ne5 30. Nxe5 Rxe5 31. Rc4 Re4 32. Rc5 Ra8 33.
Rfc1 Nd5 34. R5c4 Rxc4 35. Rxc4 Nb6 36. Rc5 Rd8 37. Kf1 Rd1+ 38. Ke2 Ra1 39.
Rxa5 Rxa2 40. Rc5 g5 41. Rc1 Nd5 42. Kd3 Nb4+ 43. Kc4 Nc6 44. Kb5 Nd4+ 45. Kxa4
e5 46. Kb4 Kg7 47. Kc4 Kg6 48. Rg1 Kf5 49. Kc3 h5 50. Re1 f6 51. Rd1 h4 52. Kd2
Kf4 53. Kd3 Kf5 54. Rb1 Nb5 55. Kc4 Nxa3+ 56. bxa3 Rxa3 57. Rb2 e4 58. Rd2 Kf4
59. Re2 f5 60. Kd4 Rd3+ 61. Kc4 Rd1 62. Kc3 Rh1 63. g3+ Kf3 64. Kd2 Rxh2 0-1

[Event "M.Chigorin Memorial 2014"]
[Site "St. Petersburg"]
[Date "2014.10.24"]
[Round "7.175"]
[White "Morozov, Boris"]
[Black "Bodnaruk, Kseniya"]
[Result "1-0"]
[WhiteElo "1805"]
[BlackElo "1558"]
[PlyCount "101"]
[EventDate "2014.10.18"]

1. e4 e5 2. Nf3 Nc6 3. Bb5 Bc5 4. O-O Nge7 5. c3 a6 6. Ba4 O-O 7. d4 exd4 8.
cxd4 Bb6 9. d5 Na7 10. Nc3 d6 11. h3 Ng6 12. Bg5 f6 13. Bh4 Bd7 14. Bc2 Nb5 15.
Bg3 Ne5 16. Nh4 Nd4 17. Kh2 Qe7 18. Rc1 Qf7 19. Bb1 Rac8 20. f4 Nc4 21. Bf2 Nb5
22. b3 Ne3 23. Bxe3 Bxe3 24. Rc2 Rfe8 25. Qf3 Bb6 26. Ne2 c6 27. Rd2 c5 28. a4
Na7 29. Bd3 Ba5 30. Rc2 b5 31. axb5 Bxb5 32. Ra2 Qc7 33. Rfa1 Bb6 34. Bc4 g6
35. Qd3 Re7 36. Ng3 Rce8 37. Nf3 Rd8 38. Qc3 Kg7 39. Re2 Rde8 40. h4 h5 41. Re3
Nc8 42. Bd3 Na7 43. Nd2 c4 44. Bxc4 Bxe3 45. Qxe3 f5 46. Qc3+ Kh7 47. Re1 Bxc4
48. bxc4 Nc8 49. Nf3 Kh6 50. Ng5 Nb6 51. Nxf5+ 1-0

[Event "M.Chigorin Memorial 2014"]
[Site "St. Petersburg"]
[Date "2014.10.24"]
[Round "7.176"]
[White "Lyubokhiner, Leonid M"]
[Black "Shemenko, Georgy"]
[Result "1-0"]
[WhiteElo "1709"]
[BlackElo "1803"]
[PlyCount "97"]
[EventDate "2014.10.18"]

1. e4 e6 2. d4 d5 3. Nd2 c5 4. Bb5+ Bd7 5. Bxd7+ Nxd7 6. exd5 exd5 7. Qe2+ Be7
8. Ngf3 Ngf6 9. O-O O-O 10. Re1 Re8 11. Qf1 Qb6 12. c4 cxd4 13. cxd5 Nxd5 14.
Qc4 N7f6 15. Qxd4 Bc5 16. Rxe8+ Rxe8 17. Qc4 Bxf2+ 18. Kh1 Ne3 19. Qb3 Qxb3 20.
Nxb3 Nc2 21. Rb1 Ne1 22. Bd2 Nxf3 23. gxf3 h6 24. Kg2 Re2 25. Kf1 Rxd2 26. Nxd2
Be3 27. Ke2 Bf4 28. Nf1 Kf8 29. Kd3 Ke7 30. Kc4 Nd7 31. Re1+ Kd6 32. Rd1+ Kc6
33. Kd3 Nc5+ 34. Ke2 g5 35. Ne3 h5 36. Ng2 Bd6 37. h4 f6 38. Rh1 g4 39. fxg4
Ne4 40. Rc1+ Kd5 41. Kf3 Nd2+ 42. Ke2 Ne4 43. Ne3+ Ke6 44. gxh5 Ng3+ 45. Kf3
Nxh5 46. Rc8 Ng7 47. Rg8 Kf7 48. Rxg7+ Kxg7 49. Nf5+ 1-0